Долгая дорога в дюнах: кинороман

ग्रंथसूची विवरण
मुख्य लेखक: Руднев О. А. Олег Александрович
अन्य लेखक: Боргс Я.
भाषा:रूसी
प्रकाशित: Рига, Лиесма, 1984
विषय:
स्वरूप: पुस्तक
KOHA link:https://koha.lib.tpu.ru/cgi-bin/koha/opac-detail.pl?biblionumber=373216

MARC

LEADER 00000nam0a2200000 4500
001 373216
005 20231102012538.0
035 |a (RuTPU)RU\TPU\retro\30644 
035 |a RU\TPU\book\307432 
090 |a 373216 
100 |a 20221215d1984 m y0rusy50 ca 
101 0 |a rus 
102 |a LV 
105 |a a z 000ay 
200 1 |a Долгая дорога в дюнах  |e кинороман  |f О. А. Руднев  |g  оформ. Я. Боргса 
210 |a Рига  |c Лиесма  |d 1984 
215 |a 457 с.  |c ил. 
606 1 |a Русская литература современная  |2 stltpush  |3 (RuTPU)RU\TPU\subj\26373  |9 50316 
610 1 |a романы 
610 1 |a кинороманы 
610 1 |a Великая Отечественная война 1941-1945 
610 1 |a художественная литература 
610 1 |a военная проза 
675 |a Р2  |v 3 
700 1 |a Руднев  |b О. А.  |g Олег Александрович  |4 070 
702 1 |a Боргс  |b Я.  |4 130 
801 1 |a RU  |b 63413507  |c 20150206 
801 2 |a RU  |b 63413507  |c 20221215  |g RCR 
942 |c BK